Historia y Ciencias Sociales 1º medio: texto para el profesor
Wedi'i Gadw mewn:
| Prif Awduron: | , , |
|---|---|
| Awduron Eraill: | |
| Fformat: | Llyfr |
| Iaith: | Sbaeneg |
| Cyhoeddwyd: |
Santiago
Mare Nostrum Comunicación
2001
|
| Pynciau: | |
| Tagiau: |
Ychwanegu Tag
Dim Tagiau, Byddwch y cyntaf i dagio'r cofnod hwn!
|
MARC
| LEADER | 00000nam a2200000 a 4500 | ||
|---|---|---|---|
| 001 | UCL0674 | ||
| 003 | CL-VaPUC | ||
| 008 | 030808e20010000CL |||||||||||||||||spa|d | ||
| 020 | |a 8492456821 | ||
| 082 | 0 | 4 | |a 900.712 |b MIL |2 21 |
| 100 | |a Milos Hurtado, Pedro |e autor |9 588895 | ||
| 700 | |a Palma Alvarado, Daniel |e autor |9 602651 | ||
| 700 | |a Giadrosic Reyes, Georgina |e author |9 593448 | ||
| 700 | 0 | |a Pablos Ochoa, Pilar |e author |9 477430 | |
| 245 | 1 | 0 | |a Historia y Ciencias Sociales 1º medio: texto para el profesor |
| 300 | |a 460 p | ||
| 942 | |c BK | ||
| 945 | |d 20030808 00:00:00 |a cmena | ||
| 260 | |a Santiago |b Mare Nostrum Comunicación |c 2001 | ||
| 650 | 0 | |a Enseñanza de la historia |9 307330 | |
| 650 | 0 | |a Enseñanza de la geografía |9 310005 | |
| 650 | 0 | |a Métodos de aprendizaje |9 334464 | |
| 650 | 0 | |a Libros de texto |9 270019 | |
| 583 | |a last modification |c 20171207 01:02:03 |k Rodrigo Vera | ||
| 999 | |c 304490 |d 304488 | ||
| 952 | |0 0 |1 0 |4 0 |6 900_712000000000000_MIL_2001 |7 0 |8 A |9 366803 |a BIBHIS |b BIBHIS |d 2019-11-21 |i 3925595 |o 900.712 MIL 2001 |p 3925595 |r 2025-01-20 |w 2019-11-21 |y BK |k HIS | ||
| 952 | |0 0 |1 0 |4 0 |6 900_712000000000000_MIL_2001 |7 0 |8 A |9 366804 |a BIBEDU |b BIBEDU |d 2019-11-21 |i 3953939 |o 900.712 MIL 2001 |p 3953939 |r 2019-11-21 |w 2019-11-21 |y BK |k EBA | ||
| 952 | |0 0 |1 0 |4 0 |6 900_712000000000000_MIL_2001 |7 0 |8 A |9 366805 |a BIBEDU |b BIBEDU |d 2019-11-21 |i 3953947 |o 900.712 MIL 2001 |p 3953947 |r 2019-11-21 |w 2019-11-21 |y BK |k EBA | ||
| 952 | |0 0 |1 0 |4 0 |6 900_712000000000000_MIL_2001 |7 0 |8 A |9 366806 |a BIBEDU |b BIBEDU |d 2019-11-21 |i 3953955 |o 900.712 MIL 2001 |p 3953955 |r 2019-11-21 |w 2019-11-21 |y BK |k EBA | ||
| 952 | |0 0 |1 0 |4 0 |6 900_712000000000000_MIL_2001 |7 0 |8 A |9 366807 |a BIBEDU |b BIBEDU |d 2019-11-21 |i 3953971 |o 900.712 MIL 2001 |p 3953971 |r 2019-11-21 |w 2019-11-21 |y BK |k EBA | ||
| 952 | |0 0 |1 0 |4 0 |6 900_712000000000000_MIL_2001 |7 0 |8 A |9 366808 |a BIBEDU |b BIBEDU |d 2019-11-21 |i 3953998 |o 900.712 MIL 2001 |p 3953998 |r 2019-11-21 |w 2019-11-21 |y BK |k EBA | ||
| 952 | |0 0 |1 0 |4 0 |6 900_712000000000000_MIL_2001 |7 0 |8 A |9 366809 |a BIBEDU |b BIBEDU |d 2019-11-21 |i 3954005 |o 900.712 MIL 2001 |p 3954005 |r 2019-11-21 |w 2019-11-21 |y BK |k EBA | ||
| 952 | |0 0 |1 0 |4 0 |6 900_712000000000000_MIL_2001 |7 0 |8 A |9 366810 |a BIBEDU |b BIBEDU |d 2019-11-21 |i 3954013 |o 900.712 MIL 2001 |p 3954013 |r 2019-11-21 |w 2019-11-21 |y BK |k EBA | ||
| 952 | |0 0 |1 0 |4 0 |6 900_712000000000000_MIL_2001 |7 0 |8 A |9 366811 |a BIBHIS |b BIBHIS |d 2019-11-21 |i 4052757 |o 900.712 MIL 2001 |p 4052757 |r 2025-01-20 |w 2019-11-21 |y BK |k HIS | ||
| 952 | |0 0 |1 0 |4 0 |6 900_712000000000000_MIL_2001 |7 0 |8 A |9 366812 |a BIBHIS |b BIBHIS |d 2019-11-21 |i 4052765 |o 900.712 MIL 2001 |p 4052765 |r 2025-01-20 |w 2019-11-21 |y BK |k HIS | ||
| 952 | |0 0 |1 0 |4 0 |6 900_712000000000000_MIL_2001 |7 0 |8 A |9 366813 |a BIBHIS |b BIBHIS |d 2019-11-21 |i 405279K |o 900.712 MIL 2001 |p 405279K |r 2025-01-20 |w 2019-11-21 |y BK |k HIS | ||
| 952 | |0 0 |1 0 |4 0 |6 900_712000000000000_MIL_2001 |7 0 |8 A |9 366814 |a BIBHIS |b BIBHIS |d 2019-11-21 |i 4052803 |o 900.712 MIL 2001 |p 4052803 |r 2025-01-20 |w 2019-11-21 |y BK |k HIS | ||
| 952 | |0 0 |1 0 |4 0 |6 900_712000000000000_MIL_2001 |7 0 |8 A |9 366815 |a BIBHIS |b BIBHIS |d 2019-11-21 |i 4052773 |o 900.712 MIL 2001 |p 4052773 |r 2025-01-20 |w 2019-11-21 |y BK |k HIS | ||
| 952 | |0 0 |1 0 |4 0 |6 900_712000000000000_MIL_2001 |7 0 |8 A |9 366816 |a BIBHIS |b BIBHIS |d 2019-11-21 |i 4052781 |o 900.712 MIL 2001 |p 4052781 |r 2025-01-20 |w 2019-11-21 |y BK |k HIS | ||